[Event "Cto Equipos Aragon 2013 Div. Honor I"]
[Site "Aragon"]
[Date "2013.02.02"]
[Round "2.1"]
[White "Gil Capape, Marco Antonio"]
[Black "Del Rey, Diego"]
[Result "1-0"]
[WhiteElo "2084"]
[BlackElo "2383"]
[PlyCount "76"]
[EventDate "2013.??.??"]
[EventType "tourn"]
[EventRounds "7"]
[EventCountry "ESP"]
[WhiteTeam "Caissa - Hnos. Cortes"]
[BlackTeam "El Olivar"]

1. f4 d5 2. Nf3 g6 3. e3 Bg7 4. Be2 Nh6 5. O-O O-O 6. Qe1 c5 7. d3 Nf5 8. Bd1
Nc6 9. g4 Nd6 10. Qg3 f5 11. Nc3 fxg4 12. Ng5 h6 13. Bxg4 hxg5 14. Bxc8 Rxc8
15. Qxg5 d4 16. Ne4 Nxe4 17. dxe4 Nb4 18. Bd2 Nxc2 19. Rad1 Rc6 20. Bc1 Qb6 21.
Qd5+ e6 22. Qg5 Nxe3 23. Bxe3 dxe3 24. Rd7 Rc7 25. Rd8 Rcf7 26. Rxf8+ Rxf8 27.
e5 e2 28. Re1 c4+ 29. Kg2 Qc6+ 30. Kg3 Qe4 31. Qg4 Qe3+ 32. Kg2 Qxf4 33. Qxe6+
Qf7 34. Qxf7+ Kxf7 35. Rxe2 Ke6 36. Re4 Rc8 37. Kf3 Bxe5 38. Re2 Rh8 1-0

[Event "Cto Equipos Aragon 2013 Div. Honor I"]
[Site "Aragon"]
[Date "2013.02.02"]
[Round "2.2"]
[White "Chueca Forcen, Alberto"]
[Black "Vera Aranjuelo, Jesus Maria"]
[Result "1-0"]
[WhiteElo "2310"]
[BlackElo "2039"]
[PlyCount "27"]
[EventDate "2013.??.??"]
[EventType "tourn"]
[EventRounds "7"]
[EventCountry "ESP"]
[WhiteTeam "El Olivar"]
[BlackTeam "Caissa - Hnos. Cortes"]

1. e4 c6 2. d4 d5 3. f3 e6 4. Nc3 Nf6 5. Bf4 b6 6. Nge2 Ba6 7. Qd2 Bb4 8. Qe3
c5 9. O-O-O O-O 10. Bg5 cxd4 11. Nxd4 Bxf1 12. Rhxf1 e5 13. Bxf6 exd4 14. Bxd4
1-0

[Event "Cto Equipos Aragon 2013 Div. Honor I"]
[Site "Aragon"]
[Date "2013.02.02"]
[Round "2.3"]
[White "Carraminana Lopez, Luis Antonio"]
[Black "Palacios Latasa, Elias"]
[Result "0-1"]
[WhiteElo "1998"]
[BlackElo "2221"]
[PlyCount "58"]
[EventDate "2013.??.??"]
[EventType "tourn"]
[EventRounds "7"]
[EventCountry "ESP"]
[WhiteTeam "Caissa - Hnos. Cortes"]
[BlackTeam "El Olivar"]

1. e4 c5 2. Nf3 Nc6 3. Bb5 g6 4. Bxc6 bxc6 5. O-O Bg7 6. Re1 Nh6 7. c3 O-O 8.
d4 cxd4 9. cxd4 f6 10. Nc3 Nf7 11. b3 d6 12. h3 f5 13. Bb2 fxe4 14. Nxe4 c5 15.
Qe2 cxd4 16. Nxd4 Qb6 17. Rad1 e5 18. Nf3 Bb7 19. Nfg5 Nxg5 20. Nxg5 Rf6 21.
Qc4+ d5 22. Rxd5 Qxf2+ 23. Kh2 Kh8 24. Bxe5 Rc8 25. Bxf6 Bxf6 26. Ne4 Qxe1 27.
Rc5 Be5+ 28. g3 Bxg3+ 29. Nxg3 Qf2# 0-1

[Event "Cto Equipos Aragon 2013 Div. Honor I"]
[Site "Aragon"]
[Date "2013.02.02"]
[Round "2.4"]
[White "Hernando Garcia, Antonio"]
[Black "Vasilev, Vas"]
[Result "1-0"]
[WhiteElo "2173"]
[BlackElo "1942"]
[PlyCount "89"]
[EventDate "2013.??.??"]
[EventType "tourn"]
[EventRounds "7"]
[EventCountry "ESP"]
[WhiteTeam "El Olivar"]
[BlackTeam "Caissa - Hnos. Cortes"]

1. Nf3 d5 2. c4 d4 3. b4 c5 4. bxc5 Nc6 5. d3 e5 6. g3 Bxc5 7. Bg2 Nf6 8. O-O
O-O 9. Nbd2 h6 10. Nb3 Qd6 11. Nxc5 Qxc5 12. a4 e4 13. Ba3 Qh5 14. dxe4 Nxe4
15. Bxf8 Kxf8 16. Re1 Bg4 17. Qb3 Nc5 18. Qa3 b6 19. h3 Bxh3 20. Bxh3 Qxh3 21.
a5 Nxa5 22. Nxd4 Nxc4 23. Qf3 Qc8 24. Rec1 Nd2 25. Qf4 Nde4 26. Nb3 Qb7 27.
Nxc5 Nxc5 28. Rab1 Qe7 29. Qf3 Qe4 30. Qxe4 Nxe4 31. Ra1 Nc5 32. Ra3 Ke7 33.
Rca1 a5 34. Rb1 Ra6 35. f3 Kd6 36. Kf2 b5 37. Rxb5 a4 38. Ke3 Kc6 39. Rb8 Rb6
40. Rxb6+ Kxb6 41. Kd4 Kb5 42. Kc3 Nb3 43. e4 Na5 44. Ra1 Kc5 45. Rxa4 1-0

[Event "Cto Equipos Aragon 2013 Div. Honor I"]
[Site "Aragon"]
[Date "2013.02.02"]
[Round "2.5"]
[White "Adla, Diego Gustavo"]
[Black "Cifuentes Parada, Roberto"]
[Result "1/2-1/2"]
[WhiteElo "2498"]
[BlackElo "2473"]
[PlyCount "95"]
[EventDate "2013.??.??"]
[EventType "tourn"]
[EventRounds "7"]
[EventCountry "ESP"]
[WhiteTeam "St Casablanca"]
[BlackTeam "Casino Jaque"]

1. c4 c6 2. e4 d5 3. exd5 cxd5 4. d4 Nf6 5. Nc3 g6 6. cxd5 Nxd5 7. Bc4 Nb6 8.
Bb3 Bg7 9. Nf3 O-O 10. O-O Nc6 11. d5 Na5 12. Re1 Nxb3 13. Qxb3 Bg4 14. Ne5 Bf5
15. Bf4 e6 16. d6 Nd7 17. Rad1 Nxe5 18. Bxe5 f6 19. Bg3 Rf7 20. Nb5 e5 21. f4
Rc8 22. fxe5 Bc2 23. Qd5 fxe5 24. Rd2 Bf5 25. Nc7 e4 26. h3 Bh6 27. Rdd1 Qd7
28. Kh2 Rcf8 29. Re2 e3 30. Rc1 b6 31. Qd4 Be6 32. b3 Rf5 33. Rce1 Bf7 34. Rxe3
Bxe3 35. Rxe3 Rf1 36. Re7 Qf5 37. Ne6 Qxe6 38. Rxe6 Bxe6 39. Qe5 Bd7 40. Qd5+
R8f7 41. Bh4 Rc1 42. b4 b5 43. Bf2 Rc2 44. Bc5 a6 45. Qa8+ Rf8 46. Qe4 Rd2 47.
Qe3 Rff2 48. Qxf2 1/2-1/2

[Event "Cto Equipos Aragon 2013 Div. Honor I"]
[Site "Aragon"]
[Date "2013.02.02"]
[Round "2.6"]
[White "Accattato Martin, Mario"]
[Black "Glavina Rossi, Pablo"]
[Result "1/2-1/2"]
[WhiteElo "2174"]
[BlackElo "2445"]
[PlyCount "105"]
[EventDate "2013.??.??"]
[EventType "tourn"]
[EventRounds "7"]
[EventCountry "ESP"]
[WhiteTeam "Casino Jaque"]
[BlackTeam "St Casablanca"]

1. e4 c5 2. Nf3 Nc6 3. Bb5 d6 4. d4 cxd4 5. Qxd4 Qd7 6. Bxc6 Qxc6 7. O-O e5 8.
Qd3 Nf6 9. Nbd2 Be7 10. c4 O-O 11. b3 Bg4 12. Re1 Bh5 13. Nb1 Bd8 14. Ba3 Ba5
15. Nfd2 Bg6 16. b4 Bb6 17. Nc3 Bd4 18. Rac1 Rfc8 19. Nb5 d5 20. Nxd4 exd4 21.
cxd5 Qxd5 22. exd5 Bxd3 23. Nf3 Rc3 24. Rxc3 dxc3 25. Re3 Be4 26. Rxc3 Bxd5 27.
Rc2 Bxf3 28. gxf3 Nd5 29. b5 f6 30. Kg2 Kf7 31. Bb2 Rd8 32. Bc1 Rd7 33. Be3 b6
34. Kg3 Ke6 35. Rc4 Rc7 36. Rh4 g6 37. a4 f5 38. a5 h5 39. Ra4 Nxe3 40. fxe3
Rc5 41. axb6 axb6 42. Rb4 g5 43. h4 Kf6 44. Rd4 gxh4+ 45. Kxh4 Rxb5 46. f4 Rb3
47. Rd6+ Ke7 48. Rc6 Kd7 49. Rf6 Ke7 50. Rxf5 Rxe3 51. Rb5 Re6 52. Kxh5 Kf6 53.
Kg4 1/2-1/2

[Event "Cto Equipos Aragon 2013 Div. Honor I"]
[Site "Aragon"]
[Date "2013.02.02"]
[Round "2.7"]
[White "Lopez Gracia, Fernando"]
[Black "Gonzalez Gambau, Jorge"]
[Result "1-0"]
[WhiteElo "2368"]
[BlackElo "2118"]
[PlyCount "85"]
[EventDate "2013.??.??"]
[EventType "tourn"]
[EventRounds "7"]
[EventCountry "ESP"]
[WhiteTeam "St Casablanca"]
[BlackTeam "Casino Jaque"]

1. d4 d6 2. c4 Nf6 3. Nc3 Nbd7 4. e4 e5 5. d5 Be7 6. Be3 O-O 7. f3 c6 8. Qd2
cxd5 9. cxd5 a6 10. Bd3 b5 11. Nge2 Nb6 12. O-O Nfd7 13. b4 f5 14. exf5 Nf6 15.
Ng3 Bb7 16. Be4 Nc4 17. Qe2 Nxe3 18. Qxe3 Nd7 19. Bc2 Rc8 20. Nge4 Nb6 21. Qd3
Bf6 22. Bb3 Nc4 23. Kh1 Bg5 24. a4 Ne3 25. Rfe1 bxa4 26. Bxa4 Nxf5 27. Bc6 Bxc6
28. dxc6 Kh8 29. Rxa6 Nd4 30. b5 Bh4 31. Rf1 d5 32. Nf2 Qg5 33. Nh3 Qd8 34. Ng1
Qd6 35. Ra7 Bf6 36. Rd7 Qa3 37. Rxd5 e4 38. fxe4 Rfd8 39. Rxf6 Rxd5 40. exd5
gxf6 41. Qxd4 Kg7 42. Qg4+ Kh6 43. Qxc8 1-0

[Event "Cto Equipos Aragon 2013 Div. Honor I"]
[Site "Aragon"]
[Date "2013.02.02"]
[Round "2.8"]
[White "Abos Rosico, Antonio"]
[Black "Quintin Navarro, Alberto"]
[Result "0-1"]
[WhiteElo "2073"]
[BlackElo "2220"]
[PlyCount "92"]
[EventDate "2013.??.??"]
[EventType "tourn"]
[EventRounds "7"]
[EventCountry "ESP"]
[WhiteTeam "Casino Jaque"]
[BlackTeam "St Casablanca"]

1. e4 c5 2. Nf3 g6 3. d4 cxd4 4. Nxd4 Bg7 5. Nc3 Nc6 6. Be3 Nf6 7. Be2 d6 8.
O-O O-O 9. f4 Bd7 10. Qe1 Nxe4 11. Bf3 Nxd4 12. Bxe4 Bf5 13. Qf2 Bxe4 14. Nxe4
Nf5 15. c3 d5 16. Ng3 Nxe3 17. Qxe3 d4 18. Qf3 Qb6 19. Kh1 Qxb2 20. cxd4 Qxd4
21. Rad1 Qb2 22. Rf2 Qb5 23. Rfd2 Rac8 24. Rd7 Rc1 25. Rxe7 Rfc8 26. h3 Bf6 27.
Ree1 R1c3 28. Re3 Qa4 29. Nf1 Rxe3 30. Nxe3 Rc3 31. Re1 Qxa2 32. Qe4 Rc6 33.
Nd5 Qb2 34. f5 Kg7 35. Rb1 Rc1+ 36. Rxc1 Qxc1+ 37. Kh2 Qb2 38. Nxf6 Kxf6 39.
Qh4+ Kg7 40. fxg6 hxg6 41. Qa4 Qe5+ 42. Kg1 a5 43. h4 Qe1+ 44. Kh2 Qb4 45. Qa1+
Kg8 46. g3 a4 0-1

[Event "Cto Equipos Aragon 2013 Div. Honor I"]
[Site "Aragon"]
[Date "2013.02.02"]
[Round "2.9"]
[White "Ramon Perez, Jose Luis"]
[Black "Hefty Hilardo, Jorge Walter"]
[Result "0-1"]
[WhiteElo "2236"]
[BlackElo "2323"]
[PlyCount "111"]
[EventDate "2013.??.??"]
[EventType "tourn"]
[EventRounds "7"]
[EventCountry "ESP"]
[WhiteTeam "Agrupacion"]
[BlackTeam "Ibercaja B"]

1. e4 c5 2. Nc3 e6 3. f4 d5 4. Nf3 dxe4 5. Bb5+ Bd7 6. Bxd7+ Qxd7 7. Ne5 Qc7 8.
Nxe4 Nc6 9. O-O Nf6 10. Nxf6+ gxf6 11. Nxc6 Qxc6 12. Qf3 Qxf3 13. Rxf3 f5 14.
d3 Bg7 15. Be3 b6 16. Rb1 Rc8 17. Kf2 Bf6 18. Ke2 Ke7 19. c4 a5 20. Rbf1 Rhg8
21. g3 Rc6 22. b3 Rd8 23. Rd1 Rcd6 24. Bc1 Bd4 25. Rff1 f6 26. Rf3 Kf7 27. Be3
Bc3 28. Bf2 h5 29. Rc1 Bb4 30. Be1 Kg6 31. Re3 Re8 32. a4 e5 33. Bxb4 axb4 34.
Re1 Red8 35. fxe5 fxe5 36. Rxe5 Rxd3 37. Re6+ Kg5 38. Kf2 h4 39. R1e3 Rd2+ 40.
Kf3 Rxh2 41. gxh4+ Rxh4 42. Rxb6 Rd2 43. Re2 Rd3+ 44. Kg2 Rg4+ 45. Kf2 Rxb3 46.
a5 Rxc4 47. a6 Ra3 48. Rb2 Rcc3 49. Ke1 Ra1+ 50. Kd2 f4 51. Rb5 Kg4 52. Rb6 f3
53. Rf6 Kg5 54. Rf8 Rxa6 55. Rg8+ Kf4 56. Rf8+ 0-1

[Event "Cto Equipos Aragon 2013 Div. Honor I"]
[Site "Aragon"]
[Date "2013.02.02"]
[Round "2.10"]
[White "Garcia Monterde, Francisco Jose"]
[Black "Mimbela Lopez, Miguel Angel"]
[Result "1-0"]
[WhiteElo "2036"]
[BlackElo "2187"]
[PlyCount "49"]
[EventDate "2013.??.??"]
[EventType "tourn"]
[EventRounds "7"]
[EventCountry "ESP"]
[WhiteTeam "Ibercaja B"]
[BlackTeam "Agrupacion"]

1. c4 g6 2. Nc3 Bg7 3. g3 Nf6 4. Bg2 O-O 5. Nf3 d6 6. O-O Nc6 7. Rb1 e5 8. d3
h6 9. h3 Be6 10. b4 Kh7 11. b5 Ne7 12. Kh2 Nd7 13. Nd2 Nc5 14. Nb3 Nxb3 15.
Qxb3 c6 16. bxc6 bxc6 17. Ba3 f5 18. Rfd1 Rf7 19. Qb4 d5 20. Na4 Ng8 21. Nc5
Bc8 22. Qa4 Rc7 23. Qa5 Nf6 24. Rdc1 d4 25. Bxc6 1-0

[Event "Cto Equipos Aragon 2013 Div. Honor I"]
[Site "Aragon"]
[Date "2013.02.02"]
[Round "2.11"]
[White "Martinez Asensio, Juan Miguel"]
[Black "Dimitrov Uzunov, Nedko"]
[Result "1-0"]
[WhiteElo "2099"]
[BlackElo "1896"]
[PlyCount "109"]
[EventDate "2013.??.??"]
[EventType "tourn"]
[EventRounds "7"]
[EventCountry "ESP"]
[WhiteTeam "Agrupacion"]
[BlackTeam "Ibercaja B"]

1. c4 Nf6 2. g3 d6 3. Bg2 g6 4. Nc3 Bg7 5. d3 Nbd7 6. Bg5 c6 7. Qc1 h6 8. Bd2
Qc7 9. Nf3 e5 10. O-O Nc5 11. b4 Ne6 12. Rb1 b6 13. h3 Bb7 14. Be3 g5 15. Nh2
Nh5 16. Bf3 Nf6 17. a4 Nd7 18. b5 c5 19. Nd5 Qd8 20. Rb3 Nd4 21. Bxd4 cxd4 22.
Nb4 Bxf3 23. Nxf3 Nc5 24. Ra3 O-O 25. Nc6 Qd7 26. Kg2 f5 27. a5 bxa5 28. Nxa5
e4 29. Nh2 Qc7 30. Nc6 a5 31. Qa1 a4 32. Nb4 Qf7 33. Nd5 f4 34. Qd1 exd3 35.
exd3 Qb7 36. g4 Rfe8 37. Re1 Kf7 38. Nf3 Rxe1 39. Qxe1 Re8 40. Qa5 Re2 41. Qd8
Re6 42. Qc7+ Qxc7 43. Nxc7 Re2 44. b6 Ke7 45. Rxa4 Kd7 46. Ra7 Kc6 47. Nd5 Nb7
48. Ra8 Kd7 49. Rg8 Be5 50. Nxe5+ dxe5 51. Rg7+ Kc8 52. Rc7+ Kb8 53. Nb4 Nd8
54. Na6+ Ka8 55. Ra7# 1-0

[Event "Cto Equipos Aragon 2013 Div. Honor I"]
[Site "Aragon"]
[Date "2013.02.02"]
[Round "2.12"]
[White "Larraz Giganto, Carlos"]
[Black "Carruez Berges, Santiago"]
[Result "0-1"]
[WhiteElo "1876"]
[BlackElo "2119"]
[PlyCount "108"]
[EventDate "2013.??.??"]
[EventType "tourn"]
[EventRounds "7"]
[EventCountry "ESP"]
[WhiteTeam "Ibercaja B"]
[BlackTeam "Agrupacion"]

1. f4 Nf6 2. Nf3 g6 3. Nc3 d5 4. e3 Bg7 5. Bd3 O-O 6. O-O Nc6 7. Qe1 d4 8. Nb5
dxe3 9. dxe3 e5 10. e4 a6 11. fxe5 Nxe5 12. Nxe5 axb5 13. Qb4 c6 14. Nf3 Be6
15. Qe1 Ng4 16. h3 Ne5 17. Nxe5 Bxe5 18. Bh6 Re8 19. Rd1 Bxb2 20. c3 Ra3 21.
Bc4 Qe7 22. Bxe6 Qxe6 23. Qh4 Bxc3 24. Rd8 Ra8 25. Rxa8 Rxa8 26. e5 Qxe5 27.
Rd1 Re8 28. Rd8 f6 29. Rxe8+ Qxe8 30. Qg4 g5 31. h4 Qe1+ 32. Kh2 Qxh4+ 33. Qxh4
gxh4 34. Kh3 Be1 35. Kg4 Kf7 36. Kf5 Bg3 37. Be3 Bd6 38. Bd4 Be7 39. Bf2 b4 40.
Bxh4 c5 41. Be1 c4 42. Bd2 Bc5 43. g4 c3 44. Bc1 Bf2 45. Ke4 Ke6 46. Kd3 Kd5
47. Bh6 Bh4 48. Bf8 f5 49. gxf5 Ke5 50. Bxb4 Be1 51. a4 Kxf5 52. a5 c2 53. Ba3
Bxa5 54. Kxc2 Ke4 0-1

[Event "Cto Equipos Aragon 2013 Div. Honor I"]
[Site "Aragon"]
[Date "2013.02.02"]
[Round "2.13"]
[White "Gavin Roche, Enrique"]
[Black "Salamero Pelay, Fernando"]
[Result "1-0"]
[WhiteElo "2249"]
[BlackElo "2140"]
[PlyCount "73"]
[EventDate "2013.??.??"]
[EventType "tourn"]
[EventRounds "7"]
[EventCountry "ESP"]
[WhiteTeam "ONCE C.A. Aragon"]
[BlackTeam "Club Atletismo Huesca"]

1. d4 Nf6 2. c4 d6 3. Nc3 e5 4. dxe5 dxe5 5. Qxd8+ Kxd8 6. b3 c6 7. Bb2 Be6 8.
O-O-O+ Nfd7 9. Nf3 f6 10. e3 a5 11. Bd3 Kc7 12. Rhg1 Nc5 13. Bc2 Nba6 14. g4 a4
15. Nd2 Nb4 16. Nde4 Nxc2 17. Kxc2 axb3+ 18. axb3 Nxe4 19. Nxe4 h5 20. h3 hxg4
21. hxg4 Rh2 22. Rd2 Bb4 23. Nc3 Rd8 24. Re2 Rdh8 25. g5 Rh1 26. Rxh1 Rxh1 27.
gxf6 gxf6 28. f4 exf4 29. exf4 Bf5+ 30. Ne4 Be7 31. Kd2 Bg4 32. Rg2 Bb4+ 33.
Bc3 Bxc3+ 34. Kxc3 f5 35. Nf2 Bh3 36. Rg7+ Kb6 37. Nxh1 1-0

[Event "Cto Equipos Aragon 2013 Div. Honor I"]
[Site "Aragon"]
[Date "2013.02.02"]
[Round "2.14"]
[White "Luis Vitalla, Fernando Maria"]
[Black "Campos Hernandez, Antonio"]
[Result "0-1"]
[WhiteElo "2152"]
[BlackElo "2183"]
[PlyCount "56"]
[EventDate "2013.??.??"]
[EventType "tourn"]
[EventRounds "7"]
[EventCountry "ESP"]
[WhiteTeam "Club Atletismo Huesca"]
[BlackTeam "ONCE C.A. Aragon"]

1. d4 c5 2. d5 e5 3. c4 d6 4. Nc3 Be7 5. Nf3 a6 6. e3 f5 7. b3 Nh6 8. Bb2 Nd7
9. Nd2 O-O 10. Be2 e4 11. g4 Ne5 12. gxf5 Bxf5 13. Ncxe4 Nhg4 14. Rg1 Bxe4 15.
Nxe4 Nxf2 16. Nxf2 Bh4 17. Rg3 Bxg3 18. hxg3 Qg5 19. Nd3 Qxg3+ 20. Kd2 Nxd3 21.
Kxd3 Qg6+ 22. Kd2 Rf2 23. Rc1 Qg2 24. Rc2 Re8 25. b4 b6 26. bxc5 bxc5 27. Kc1
Rxe3 28. Bd3 Rxd3 0-1

[Event "Cto Equipos Aragon 2013 Div. Honor I"]
[Site "Aragon"]
[Date "2013.02.02"]
[Round "2.15"]
[White "Laliena Solares, Luis M"]
[Black "Bellosta Lopez, Pablo"]
[Result "1-0"]
[WhiteElo "2160"]
[BlackElo "2072"]
[PlyCount "73"]
[EventDate "2013.??.??"]
[EventType "tourn"]
[EventRounds "7"]
[EventCountry "ESP"]
[WhiteTeam "ONCE C.A. Aragon"]
[BlackTeam "Club Atletismo Huesca"]

1. d4 d5 2. Nf3 c6 3. Bf4 Qb6 4. b3 Nf6 5. e3 Bf5 6. Bd3 e6 7. O-O Nbd7 8. Bxf5
exf5 9. Qd3 g6 10. Ne5 Be7 11. c4 O-O 12. Nc3 Nxe5 13. Bxe5 Rfd8 14. c5 Qa6 15.
Qxa6 bxa6 16. b4 Ng4 17. Bg3 h5 18. h4 Rd7 19. a4 Rc8 20. b5 a5 21. Rab1 Nf6
22. bxc6 Rxc6 23. Rb8+ Kh7 24. Rfb1 Bd8 25. R1b7 Bc7 26. Bxc7 Rcxc7 27. Rxc7
Rxc7 28. Nb5 Re7 29. c6 Ne8 30. c7 Nxc7 31. Rb7 Nxb5 32. Rxe7 Nc3 33. Rxf7+ Kh6
34. Rxa7 Nxa4 35. Rxa5 Nc3 36. Rc5 Ne2+ 37. Kf1 1-0

[Event "Cto Equipos Aragon 2013 Div. Honor I"]
[Site "Aragon"]
[Date "2013.02.02"]
[Round "2.16"]
[White "Gella Lopez, Angel"]
[Black "Cobo Garrido, Diego Israel"]
[Result "0-1"]
[WhiteElo "2092"]
[BlackElo "2059"]
[PlyCount "92"]
[EventDate "2013.??.??"]
[EventType "tourn"]
[EventRounds "7"]
[EventCountry "ESP"]
[WhiteTeam "Club Atletismo Huesca"]
[BlackTeam "ONCE C.A. Aragon"]

1. Nf3 d5 2. c4 dxc4 3. g3 Nf6 4. Bg2 g6 5. O-O Bg7 6. Na3 O-O 7. Nxc4 c5 8.
Nfe5 Nfd7 9. Nxd7 Nxd7 10. Qb3 Qc7 11. d3 Rb8 12. Bf4 e5 13. Bd2 b5 14. Ne3 Bb7
15. Rac1 Bxg2 16. Kxg2 Qb7+ 17. Kg1 Rfc8 18. Nd5 Nf8 19. Be3 Ne6 20. Nc3 Nd4
21. Bxd4 exd4 22. Ne4 c4 23. Qb4 Qd5 24. Qe7 Rb7 25. Nf6+ Bxf6 26. Qxf6 Rc6 27.
Qf4 c3 28. bxc3 dxc3 29. Rc2 b4 30. Rb1 a5 31. Rb3 Qb5 32. Qd4 Qb6 33. Qxb6
Rbxb6 34. a4 Kf8 35. e3 Ke7 36. Kf1 Kd6 37. Ke2 Kc5 38. Rc1 g5 39. Kd1 Rh6 40.
Ke2 Rxh2 41. d4+ Kc4 42. Rcxc3+ bxc3 43. Rxb6 c2 44. Rc6+ Kb3 45. d5 Rh1 46.
Rb6+ Kxa4 0-1

[Event "Cto Equipos Aragon 2013 Div. Honor II"]
[Site "Aragon"]
[Date "2013.02.02"]
[Round "2.17"]
[White "Lana Rodriguez, David"]
[Black "Colas Longares, Rafael P"]
[Result "1-0"]
[WhiteElo "2300"]
[BlackElo "2311"]
[PlyCount "67"]
[EventDate "2013.??.??"]
[EventType "tourn"]
[EventRounds "7"]
[EventCountry "ESP"]
[WhiteTeam "Helios"]
[BlackTeam "Actur Rey Fernando"]

1. e4 e5 2. Nf3 Nc6 3. Bc4 Nf6 4. d3 Be7 5. Nc3 d6 6. h3 Na5 7. Bb5+ c6 8. Ba4
O-O 9. O-O h6 10. Re1 b5 11. Bb3 Nxb3 12. axb3 Re8 13. Be3 Qc7 14. d4 b4 15.
Na2 exd4 16. Qxd4 c5 17. Qc4 Be6 18. Qd3 d5 19. e5 Ne4 20. Bf4 Qb6 21. Qe2 f5
22. Nc1 a5 23. Nd2 Rad8 24. Qh5 Bf8 25. Qg6 Kh8 26. g4 fxg4 27. hxg4 Qc7 28.
Nxe4 dxe4 29. Qxe4 Rd4 30. Qe3 g5 31. Bg3 Rxg4 32. Ne2 Bd5 33. f3 Rxe5 34. fxg4
1-0

[Event "Cto Equipos Aragon 2013 Div. Honor II"]
[Site "Aragon"]
[Date "2013.02.02"]
[Round "2.19"]
[White "Navarro Alonso, Jorge Luis"]
[Black "Cid Royo, Oscar"]
[Result "1/2-1/2"]
[WhiteElo "2161"]
[BlackElo "2040"]
[PlyCount "34"]
[EventDate "2013.??.??"]
[EventType "tourn"]
[EventRounds "7"]
[EventCountry "ESP"]
[WhiteTeam "Helios"]
[BlackTeam "Actur Rey Fernando"]

1. e4 c6 2. d4 d5 3. Nc3 dxe4 4. Nxe4 Nf6 5. Nxf6+ exf6 6. Nf3 Bd6 7. Be2 O-O
8. O-O Bg4 9. c4 Nd7 10. h3 Bh5 11. Nh4 Bxe2 12. Qxe2 Re8 13. Qg4 g6 14. Nf5 h5
15. Nh6+ Kg7 16. Nf5+ Kg8 17. Nh6+ Kg7 1/2-1/2

[Event "Cto Equipos Aragon 2013 Div. Honor II"]
[Site "Aragon"]
[Date "2013.02.02"]
[Round "2.20"]
[White "Aviol Perez, Jose Mariano"]
[Black "Montes Santos, Lorenzo"]
[Result "0-1"]
[WhiteElo "1937"]
[BlackElo "2055"]
[PlyCount "64"]
[EventDate "2013.??.??"]
[EventType "tourn"]
[EventRounds "7"]
[EventCountry "ESP"]
[WhiteTeam "Actur Rey Fernando"]
[BlackTeam "Helios"]

1. d4 Nf6 2. Nf3 c5 3. d5 d6 4. c4 b5 5. cxb5 g6 6. Nc3 Bg7 7. Nd2 O-O 8. e4 a6
9. b6 Nbd7 10. Be2 Nxb6 11. O-O a5 12. a4 e6 13. Ra3 exd5 14. exd5 Bd7 15. Nce4
Nxe4 16. Nxe4 Bf5 17. Ng3 Bc8 18. Bb5 f5 19. Ne2 Be5 20. Nf4 Qf6 21. Re1 Ra7
22. Rh3 Re7 23. b3 Rff7 24. Bd2 Ra7 25. Kh1 Bb7 26. Rxe5 dxe5 27. Bc3 Qd6 28.
Be8 Re7 29. Bxg6 hxg6 30. Nxg6 Bxd5 31. Rh8+ Kg7 32. Qh5 Qxg6 0-1

[Event "Cto Equipos Aragon 2013 Div. Honor II"]
[Site "Aragon"]
[Date "2013.02.02"]
[Round "2.21"]
[White "Juberias Segura, Santiago"]
[Black "Martinez Catalan, Francisco Javier"]
[Result "0-1"]
[WhiteElo "2045"]
[BlackElo "2240"]
[PlyCount "70"]
[EventDate "2013.??.??"]
[EventType "tourn"]
[EventRounds "7"]
[EventCountry "ESP"]
[WhiteTeam "St. Casablanca B"]
[BlackTeam "L`Aurora Estadilla"]

1. c4 b6 2. Nf3 Bb7 3. Nc3 e6 4. g3 Bxf3 5. exf3 c5 6. d4 cxd4 7. Qxd4 Nc6 8.
Qd1 Rc8 9. Be3 Nf6 10. Rc1 Bc5 11. Nb5 O-O 12. Nd6 Bb4+ 13. Ke2 Bxd6 14. Qxd6
Ne7 15. Bh3 Rc6 16. Qd3 d5 17. Rhd1 Qc7 18. b3 Ng6 19. f4 dxc4 20. bxc4 e5 21.
Bg2 exf4 22. Bxc6 Qxc6 23. gxf4 Re8 24. Qd6 Qg2 25. Rg1 Qxh2 26. Rh1 Qg2 27.
Rcg1 Qe4 28. Kd2 Qxc4 29. Qd4 Ne4+ 30. Ke1 Qxd4 31. Bxd4 Ng3+ 32. Kd2 Nxh1 33.
f5 Nxf2 34. fxg6 Ne4+ 35. Kd3 hxg6 0-1

[Event "Cto Equipos Aragon 2013 Div. Honor II"]
[Site "Aragon"]
[Date "2013.02.02"]
[Round "2.23"]
[White "Jaques Burguete, Raul"]
[Black "Felez Casedas, Carlos"]
[Result "1/2-1/2"]
[WhiteElo "2027"]
[BlackElo "2012"]
[PlyCount "77"]
[EventDate "2013.??.??"]
[EventType "tourn"]
[EventRounds "7"]
[EventCountry "ESP"]
[WhiteTeam "St. Casablanca B"]
[BlackTeam "L`Aurora Estadilla"]

1. e4 e5 2. Nf3 Nf6 3. d4 Nxe4 4. Bd3 d5 5. dxe5 Be7 6. Bf4 Nc5 7. Be2 Bg4 8.
O-O Ne6 9. Bg3 c6 10. c4 Bxf3 11. gxf3 dxc4 12. Bxc4 Qxd1 13. Rxd1 Nd7 14. Nc3
Nb6 15. Bb3 Nc5 16. Bc2 O-O 17. f4 Rfd8 18. f5 Rxd1+ 19. Rxd1 Rd8 20. Rxd8+
Bxd8 21. e6 fxe6 22. Bd6 Na6 23. fxe6 Nc8 24. Be5 Bc7 25. Bg3 Bxg3 26. hxg3 Nb4
27. Bb3 Kf8 28. f4 Ke7 29. Bd1 Nd6 30. Bg4 Nd3 31. b3 g6 32. Ne2 Nc5 33. Nd4
Nce4 34. Kg2 Nc3 35. a4 c5 36. Nf3 c4 37. bxc4 Nxa4 38. Ng5 h6 39. Nf7 1/2-1/2

[Event "Cto Equipos Aragon 2013 Div. Honor II"]
[Site "Aragon"]
[Date "2013.02.02"]
[Round "2.24"]
[White "Pellicer Cerezuela, Miguel"]
[Black "Garcia Andres, Daniel"]
[Result "1-0"]
[WhiteElo "1794"]
[BlackElo "2024"]
[PlyCount "101"]
[EventDate "2013.??.??"]
[EventType "tourn"]
[EventRounds "7"]
[EventCountry "ESP"]
[WhiteTeam "L`Aurora Estadilla"]
[BlackTeam "St. Casablanca B"]

1. d4 d6 2. c4 g6 3. Nc3 Bg7 4. e4 Nf6 5. Be3 Nc6 6. Bd3 Ng4 7. Nf3 O-O 8. a3
f5 9. Qd2 e5 10. Bg5 Qe8 11. d5 Nd4 12. Qd1 h6 13. Be3 Nxf3+ 14. gxf3 Nxe3 15.
fxe3 f4 16. Qe2 Qf7 17. Kf2 Bh3 18. Qd2 Qf6 19. Bf1 Bg4 20. Bg2 h5 21. exf4
Qh4+ 22. Ke2 Rxf4 23. Qe1 Qxe1+ 24. Raxe1 Bd7 25. b4 Raf8 26. a4 g5 27. h3 g4
28. hxg4 hxg4 29. Ref1 gxf3+ 30. Bxf3 R8f6 31. Bg2 Bg4+ 32. Kd3 Rf2 33. Rhg1
Bh6 34. Nd1 Rd2+ 35. Kc3 Rxf1 36. Bxf1 Rxd1 37. Rxg4+ Kf7 38. Bd3 Be3 39. Bc2
Rh1 40. Rg3 Bf4 41. Rf3 Kf6 42. c5 Kg5 43. Kb3 Kg4 44. Rc3 dxc5 45. bxc5 Rh6
46. Kc4 a6 47. Rb3 b6 48. d6 bxc5 49. dxc7 Rc6 50. Rb7 Be3 51. Kd5 1-0

[Event "Cto Equipos Aragon 2013 Div. Honor II"]
[Site "Aragon"]
[Date "2013.02.02"]
[Round "2.25"]
[White "Villuendas Valero, Adrian"]
[Black "Forcen Esteban, Daniel"]
[Result "0-1"]
[WhiteElo "2301"]
[BlackElo "2467"]
[PlyCount "90"]
[EventDate "2013.??.??"]
[EventType "tourn"]
[EventRounds "7"]
[EventCountry "ESP"]
[WhiteTeam "Ramiro"]
[BlackTeam "Ibercaja"]

1. e4 c5 2. Nf3 Nc6 3. d4 cxd4 4. Nxd4 g6 5. Nc3 Bg7 6. Be3 Nf6 7. Bc4 O-O 8.
Bb3 d6 9. f3 Bd7 10. Qd2 Nxd4 11. Bxd4 b5 12. O-O a5 13. a4 b4 14. Nd5 Nxd5 15.
exd5 Bxd4+ 16. Qxd4 Rc8 17. Rfe1 Re8 18. Re2 Rc5 19. Rae1 h5 20. Qh4 Kf8 21.
Qg5 e5 22. Qh6+ Kg8 23. f4 Qf6 24. fxe5 dxe5 25. Rf2 Bf5 26. Ref1 Qg7 27. Qe3
Rc7 28. h3 Rd7 29. c4 bxc3 30. bxc3 Qf8 31. c4 Rc7 32. g4 hxg4 33. hxg4 Bxg4
34. Qg3 Bh5 35. c5 Qxc5 36. d6 Rb7 37. Kh2 Rf8 38. d7 Rxd7 39. Rf5 Rd2+ 40.
R1f2 Rxf2+ 41. Rxf2 Kg7 42. Rf5 Rd8 43. Rxh5 Rd2+ 44. Kh3 Qc8+ 45. Kh4 Rd4+ 0-1